00430nmm a2200157Ia 4500008004100000041000800041100002000049245002000069264005100089300001800140490001400158650002200172856005200194942000700246999001900253251105s9999||||xx |||||||||||||||||und|| aspa aSota, Íñigo 0aLuces cegadoras a[Madrid, España] :bEditorial Egales, c2025 a164 páginas aNarrativa aSpanish narrative uhttps://public.digitaliapublishing.com/a/174948 cCF c100300d100300